<?xml version="1.0" encoding="UTF-8"?>
<collection xmlns="http://www.loc.gov/MARC21/slim">
 <record>
  <leader>00394pamaa2200133   4500</leader>
  <controlfield tag="001">0000039137</controlfield>
  <controlfield tag="005">20070716090000.0</controlfield>
  <datafield tag="020" ind1="0" ind2="0">
   <subfield code="a">[Nil] </subfield>
  </datafield>
  <datafield tag="090" ind1="0" ind2="0">
   <subfield code="a">TA140.L6 </subfield>
   <subfield code="b">BEA 1956</subfield>
  </datafield>
  <datafield tag="100" ind1="1" ind2="0">
   <subfield code="a">BEATTY </subfield>
  </datafield>
  <datafield tag="245" ind1="1" ind2="0">
   <subfield code="a">Ferdinand De Lesseps : </subfield>
   <subfield code="b">a biographical study  </subfield>
   <subfield code="c">by Charles Beatty.</subfield>
  </datafield>
  <datafield tag="260" ind1="0" ind2="0">
   <subfield code="a">London: </subfield>
   <subfield code="b">Eyre and Spottiswoode, </subfield>
   <subfield code="c">1956.</subfield>
  </datafield>
  <datafield tag="300" ind1=" " ind2=" ">
   <subfield code="a">34 p.: </subfield>
   <subfield code="b">illus.; </subfield>
   <subfield code="c">23 cm.</subfield>
  </datafield>
  <datafield tag="650" ind1="0" ind2="0">
   <subfield code="a">Lesseps, Ferdinand de, 1805-1894 </subfield>
  </datafield>
 </record>
</collection>
